BUBT Library Online Catalog

Foundations of Financial Markets and Institutions: (Record no. 5009)

000 -LEADER
fixed length control field 00747nam a2200229Ia 4500
003 - CONTROL NUMBER IDENTIFIER
control field BUBTL
008 - FIXED-LENGTH DATA ELEMENTS--GENERAL INFORMATION
fixed length control field 151213s9999 xx 000 0 und d
020 ## - INTERNATIONAL STANDARD BOOK NUMBER
International Standard Book Number 9788131703908
082 ## - DEWEY DECIMAL CLASSIFICATION NUMBER
Classification number 332/ F113f/ 2002
100 ## - MAIN ENTRY--PERSONAL NAME
Personal name Fabozzi, Frank J.
245 ## - TITLE STATEMENT
Title Foundations of Financial Markets and Institutions:
Statement of responsibility, etc. Frank J. Fabozzi, Franco Modigliani and Frank J. Jones and Michael G. Ferri
250 ## - EDITION STATEMENT
Edition statement 3rd
260 ## - PUBLICATION, DISTRIBUTION, ETC. (IMPRINT)
Place of publication, distribution, etc. India
Name of publisher, distributor, etc. Pearson
Date of publication, distribution, etc. c2002
300 ## - PHYSICAL DESCRIPTION
Extent [xxiii], 663p . :
Other physical details ill. Table ; 24cm .
500 ## - GENERAL NOTE
General note Includes Index .
650 ## - SUBJECT ADDED ENTRY--TOPICAL TERM
Topical term or geographic name as entry element Finance
650 ## - SUBJECT ADDED ENTRY--TOPICAL TERM
Topical term or geographic name as entry element Finance
9 (RLIN) 4397
700 ## - ADDED ENTRY--PERSONAL NAME
Personal name Franco Modigliani and Frank J. Jones and Michael G. Ferr
9 (RLIN) 1933
856 ## - ELECTRONIC LOCATION AND ACCESS
Password 0
Logon 0
Link text Download
942 ## - ADDED ENTRY ELEMENTS (KOHA)
Source of classification or shelving scheme
Koha item type Books
Holdings
Withdrawn status Lost status Source of classification or shelving scheme Damaged status Not for loan Collection code Permanent location Current location Shelving location Date acquired Inventory number Total Checkouts Full call number Barcode Date last seen Copy number Price effective from Koha item type
          Non-fiction Bangladesh University of Business and Technology Library Bangladesh University of Business and Technology Library Finance Stacks 07/25/2018 24660   332 FAF BUBTL-200324660 07/25/2018 C-1 07/25/2018 Books
        Not For Loan Non-fiction Bangladesh University of Business and Technology Library Bangladesh University of Business and Technology Library Finance Stacks 07/02/2020 10913   332 FAF BUBTL-200310913 07/02/2020 C-2 07/02/2020 Books
        Not For Loan Non-fiction Bangladesh University of Business and Technology Library Bangladesh University of Business and Technology Library Finance Stacks 07/02/2020 10912   332 FAF BUBTL-200310912 07/02/2020 C-3 07/02/2020 Books

More Information About Library

Library Hours

  • Open: 9.00 am. to 9.00 pm.
  • Only Sunday: 9.00 am. to 6.00 pm.
  • Closed: Holiday

Contact to the University

Bangladesh University of Business and Technology Library

  • Mirpurl-2, 1216.
  • Phone:
  • Fax:
  • E-Mail: admin.library@bubt.edu.bd

Contact to the Library

Contact Person:

Md. Abdul Hakim Shah
Joint Librarian
PABX No:  113
Cell No: 01816332931
E-mail: official: admin.library@bubt.edu.bd
Personal: hakim.shah@bubt.edu.bd


BUBT Library

Copyright © 2021